Bài tập đại số tuyến tính
Uloženo v:
| Hlavní autor: | |
|---|---|
| Další autoři: | |
| Médium: | Kniha |
| Jazyk: | Undetermined |
| Vydáno: |
H.
Giáo dục
2003
|
| Témata: | |
| On-line přístup: | http://lrc.tdmu.edu.vn/opac/search/detail.asp?aID=2&ID=6065 |
| Tagy: |
Přidat tag
Žádné tagy, Buďte první, kdo otaguje tento záznam!
|
| Thư viện lưu trữ: | Trung tâm Học liệu Trường Đại học Thủ Dầu Một |
|---|
| LEADER | 00674nam a2200205Ia 4500 | ||
|---|---|---|---|
| 001 | TDMU_6065 | ||
| 008 | 210410s9999 xx 000 0 und d | ||
| 082 | |a 512.5076 | ||
| 090 | |b H6508 | ||
| 100 | |a Hoàng, Xuân sính | ||
| 245 | 0 | |a Bài tập đại số tuyến tính | |
| 245 | 0 | |c Hoàng Xuân sính, Trần Phương Dung | |
| 260 | |a H. | ||
| 260 | |b Giáo dục | ||
| 260 | |c 2003 | ||
| 300 | |a 207tr. | ||
| 650 | |a Đại số tuyến tính |v Bài tập | ||
| 700 | |a Trần Phương Dung | ||
| 856 | |u http://lrc.tdmu.edu.vn/opac/search/detail.asp?aID=2&ID=6065 | ||
| 980 | |a Trung tâm Học liệu Trường Đại học Thủ Dầu Một | ||